Visualizzazione normale
Vista MARC
- Roversi Roberto
di Personal Name
Records bibliografici associati: 1
001 - CONTROL NUMBER
- control field: 37440
003 - CONTROL NUMBER IDENTIFIER
- control field: IT-RoPau
005 - DATE AND TIME OF LATEST TRANSACTION
- control field: 20151125165139.0
008 - FIXED-LENGTH DATA ELEMENTS
- fixed length control field: 151125|| aca||aabn | a|a d
040 ## - CATALOGING SOURCE
- Original cataloging agency: IT-RoPau
- Transcribing agency: IT-RoPau
100 ## - HEADING--PERSONAL NAME
- Personal name: Roversi Roberto
- Relator term: (soggetto)
- Miscellaneous information: Codice Soggetto SPICS: 1812
670 ## - SOURCE DATA FOUND
- Source citation: Work cat.: (IT-RoPau)104747: Di Carlo Carlo Codice regista SPICS: 7226 37436, MARZABOTTO MARZABOTTO (Rif. Codice opera principale : 26158)